Crusader castles /

محفوظ في:

المؤلف الرئيسي: Kennedy, Hugh.

التنسيق: كتاب

اللغة: English

منشور في: Cambridge : Cambridge University Press, 2008.

الموضوعات:

الوسوم: إضافة وسم

لا توجد وسوم, كن أول من يضع وسما على هذه التسجيلة!

رقم الطلب: NA1460 .K44 2008

LEADER 01326nam a2200241Ia 4500
003 OSt
005 20250903104332.0
008 930908s2008 enkabef b 001 0 eng d
020 |a 9780521799133 
040 |c ARCE Library 
050 4 |a NA1460 .K44 2008 
100 1 |a Kennedy, Hugh.  |q (Hugh N.) 
245 1 0 |a Crusader castles /   |c Hugh Kennedy. 
264 1 |a Cambridge :   |b Cambridge University Press,   |c 2008. 
300 |a xv, 221 p., [4] p. of plates :   |b ill. (some col.), map, plans ;   |c 25 cm. 
504 |a Includes bibliographical references (p. 212-216) and index. 
505 0 |a 1. Prologue to the study of crusader castles; 2. Fortification in the east and west before the First Crusade; 3. Castles in the twelfth-century Kingdom of Jerusalem; 4. Twelfth-century castles in the northern states (County of Tripoli, Principality of Antioch and County of Edessa); 5. Siege warfare in the crusader lands; 6. Nobles, Templars and Teutonic knights in the thirteenth century; 7. The Hospitallers in Tripoli and Antioch; 8. Muslim castles of the twelfth and thirteenth centuries; 9. Postscript: crusader castles and the west. 
650 0 |a Castles   |z Latin Orient. 
650 0 |a Architecture, Medieval   |z Latin Orient. 
650 0 |a Military architecture   |z Latin Orient. 
901 |a reviewed 
942 |2 lcc  |c BK 
999 |c 47439  |d 47439